000 00615nam a2200241 a 4500
001 nice12345678
003 IN_TiNIC
005 20260116013052.0
008 050524s1977 lona grp 000 0 eng
020 _a0415376
_c1557
082 0 0 _a305.42
_bMEY
100 _aMeyers, Diana Tietjans
245 _aFeminist Social Thought
_b a Reader
260 _aLondon
_bRoutledge Chapman Hall
_c1977
300 _a772p
500 _aincludes index and biblioraphy
505 2 _aIndex
650 _aWomen-Sociology
700 1 _aMeyers, Diana Tietjans
902 _bSRS
942 _cBK
999 _c9521
_d9521